<?xml version="1.0" encoding="UTF-8"?>
<record
    xmlns:xsi="http://www.w3.org/2001/XMLSchema-instance"
    xsi:schemaLocation="http://www.loc.gov/MARC21/slim http://www.loc.gov/standards/marcxml/schema/MARC21slim.xsd"
    xmlns="http://www.loc.gov/MARC21/slim">

  <leader>00273nam a2200109Ia 4500</leader>
  <controlfield tag="001">1268688</controlfield>
  <controlfield tag="005">20260417145255.0</controlfield>
  <controlfield tag="008">260417s9999    xx            000 0 und d</controlfield>
  <datafield tag="020" ind1=" " ind2=" ">
    <subfield code="a">9786255998750</subfield>
  </datafield>
  <datafield tag="245" ind1=" " ind2="0">
    <subfield code="a">Orman&#x131;n Gizemi</subfield>
    <subfield code="c">Tu&#x11F;ba Hatun Murat</subfield>
  </datafield>
  <datafield tag="260" ind1=" " ind2=" ">
    <subfield code="b">Ketebe &#xC7;ocuk</subfield>
  </datafield>
  <datafield tag="999" ind1=" " ind2=" ">
    <subfield code="c">1268688</subfield>
    <subfield code="d">1268688</subfield>
  </datafield>
  <datafield tag="952" ind1=" " ind2=" ">
    <subfield code="0">0</subfield>
    <subfield code="1">0</subfield>
    <subfield code="4">0</subfield>
    <subfield code="7">0</subfield>
    <subfield code="a">1110</subfield>
    <subfield code="b">1110</subfield>
    <subfield code="d">2026-04-17</subfield>
    <subfield code="l">0</subfield>
    <subfield code="p">11102320</subfield>
    <subfield code="r">2026-04-17 14:52:55</subfield>
    <subfield code="w">2026-04-17</subfield>
    <subfield code="y">BK</subfield>
  </datafield>
</record>
